Statistiques concernant Calcul mental ¤Soustractions

Cliquez ici pour prendre le quiz!

Statistiques générales

  • Ce quiz a été pris 204 fois
  • Le résultat moyen est 18 sur 22

Statistiques - réponses

CalculsRéponse% Correct
150 - 25125
100%
100 - 2575
98%
654 - 6540
97%
235 - 120115
95%
75 - 4530
95%
245 - 145100
94%
63 - 2439
94%
85 - 4243
94%
1994 - 1901804
92%
29-1415
90%
30-246
87%
1244 - 414830
85%
285-145140
80%
1574-381536
77%
29-1316
77%
52-3814
74%
65-4817
73%
541-32509
73%
698-523175
70%
245-17867
67%
364-138226
66%
524-369155
65%

Distribution des résultats

Percentile par nombre de réponses

% des personnes avec chaque résultat

Votre développement - résultats

Vous n’avez pas pris ce quiz